[Event "ISR-ch"]
[Site "Tiberias"]
[Date "2016.12.07"]
[Round "3"]
[White "Kraus, Yair"]
[Black "Mindlin, Alon"]
[Result "0-1"]
[WhiteElo "2218"]
[BlackElo "2428"]
[PlyCount "80"]
[EventDate "2016.12.05"]
[EventType "swiss"]
[EventRounds "9"]
[EventCountry "ISR"]
[SourceTitle "CBM 176 Extra"]
[Source "ChessBase"]
[SourceDate "2017.03.02"]
[SourceVersion "1"]
[SourceVersionDate "2017.03.02"]
[SourceQuality "1"]

1. d4 Nf6 2. c4 e6 3. Nc3 d5 4. Bg5 Nbd7 5. e3 Be7 6. Nf3 h6 7. Bh4 0-0 8. Bd3 b6 9. 0-0 Bb7 10. Qe2 c5 11. Rfd1 Ne4 12. Bxe7 Qxe7 13. cxd5 exd5 14. dxc5 Nxc3 15. bxc3 Nxc5 16. Rac1 Rac8 17. Nd4 Rfd8 18. Bf5 Rc7 19. Qb2 Ba6 20. Qb4 Qe8 21. Bc2 Qf8 22. Bf5 g6 23. Bb1 Ne4 24. Qa4 Nc5 25. Qb4 Rdc8 26. Qa3 Bc4 27. h4 h5 28. g3 Ne4 29. Qb2 Ba6 30. Bxe4 dxe4 31. Nb5 Bxb5 32. Qxb5 Qc5 33. Qxc5 Rxc5 34. Rd7 R8c7 35. Rxc7 Rxc7 36. Kg2 Kg7 37. f3 exf3+ 38. Kxf3 Rc4 39. e4 Kf6 40. Ke3 Ke5 0-1

[Event "EU-ch 16th"]
[Site "Jerusalem"]
[Date "2015.03.08"]
[Round "11"]
[White "Soltanici, Ruslan"]
[Black "Kraus, Yair"]
[Result "1-0"]
[WhiteElo "2350"]
[BlackElo "2129"]
[PlyCount "73"]
[EventDate "2015.02.24"]
[EventType "swiss"]
[EventRounds "11"]
[EventCountry "ISR"]
[SourceTitle "CBM 166"]
[Source "ChessBase"]
[SourceDate "2015.05.11"]
[SourceVersion "1"]
[SourceVersionDate "2015.05.11"]
[SourceQuality "1"]

1. e4 c5 2. Nf3 d6 3. d4 cxd4 4. Nxd4 Nf6 5. Nc3 e6 6. Be3 Be7 7. f3 0-0 8. Qd2 e5 9. Nb3 Be6 10. 0-0-0 a5 11. Bb5 Na6 12. Qe2 Qb8 13. g4 Rc8 14. g5 Ne8 15. Kb1 Nec7 16. Bd3 b5 17. Nxb5 a4 18. Nc1 d5 19. c3 dxe4 20. fxe4 Qb7 21. Nxc7 Rxc7 22. Qd2 Rb8 23. Ka1 Qc6 24. Ne2 Rcb7 25. Rb1 Bc5 26. Bxa6 Qxa6 27. Bxc5 Qc4 28. b4 axb3 29. Bb4 Ra8 30. Rb2 Rba7 31. Nc1 Qxe4 32. Re1 Qf5 33. Qe3 f6 34. Rg1 Kh8 35. gxf6 gxf6 36. Qh6 bxa2 37. Bf8 1-0

[Event "Jerusalem Japhet Memorial op 2nd"]
[Site "Jerusalem"]
[Date "2014.07.17"]
[Round "2"]
[White "Mindlin, Alon"]
[Black "Kraus, Yair"]
[Result "1-0"]
[WhiteElo "2280"]
[BlackElo "2102"]
[PlyCount "60"]
[EventDate "2014.07.16"]
[EventType "swiss"]
[EventRounds "9"]
[EventCountry "ISR"]
[SourceTitle "CBM 161 Extra"]
[Source "ChessBase"]
[SourceDate "2014.08.29"]
[SourceVersion "1"]
[SourceVersionDate "2014.08.29"]
[SourceQuality "1"]

1. d4 Nf6 2. c4 g6 3. Nc3 Bg7 4. e4 d6 5. f3 0-0 6. Be3 c5 7. Nge2 Qa5 8. Nc1 cxd4 9. Nb3 Qe5 10. Nxd4 Nc6 11. Nc2 Nh5 12. Bd3 Nf4 13. 0-0 f5 14. Bxf4 Qxf4 15. Nd5 Qh6 16. exf5 gxf5 17. f4 Kh8 18. Rf3 Bxb2 19. Rb1 Bd4+ 20. Nxd4 Nxd4 21. Rh3 Qg7 22. Rg3 Qf7 23. Be2 e5 24. Bh5 Qd7 25. Qd2 b6 26. Re1 Nc6 27. fxe5 dxe5 28. Rxe5 Nxe5 29. Qc3 Qd6 30. Re3 Qh6 1-0

[Event "ISR-ch"]
[Site "Beersheba"]
[Date "2014.06.22"]
[Round "5"]
[White "Kraus, Yair"]
[Black "Gurbanov, Andrei"]
[Result "0-1"]
[WhiteElo "2093"]
[BlackElo "2329"]
[PlyCount "68"]
[EventDate "2014.06.17"]
[EventType "swiss"]
[EventRounds "9"]
[EventCountry "ISR"]
[SourceTitle "CBM 161 Extra"]
[Source "ChessBase"]
[SourceDate "2014.08.29"]
[SourceVersion "1"]
[SourceVersionDate "2014.08.29"]
[SourceQuality "1"]

1. e4 e5 2. Nf3 Nc6 3. Bb5 a6 4. Ba4 Nf6 5. 0-0 Nxe4 6. d4 b5 7. Bb3 d5 8. dxe5 Be6 9. Nbd2 Nc5 10. c3 d4 11. cxd4 Nxd4 12. Nxd4 Qxd4 13. Bxe6 Nxe6 14. Qe2 Be7 15. Nb3 Qb6 16. Be3 c5 17. f4 0-0 18. f5 Nd4 19. Qg4 Rfd8 20. f6 Bf8 21. Nxd4 cxd4 22. Bh6 Qe6 23. Qg5 Rd5 24. Rae1 g6 25. Bxf8 Kxf8 26. Qh6+ Ke8 27. Qxh7 Rad8 28. Rc1 Kd7 29. Rfd1 d3 30. Rc3 d2 31. Rc2 Qb6+ 32. Kf1 Ke6 33. Qh6 Rxe5 34. g4 Re1+ 0-1

[Event "ISR-ch"]
[Site "Beersheba"]
[Date "2014.06.19"]
[Round "3"]
[White "Kraus, Yair"]
[Black "Nakar, Eylon"]
[Result "0-1"]
[WhiteElo "2093"]
[BlackElo "2442"]
[PlyCount "54"]
[EventDate "2014.06.17"]
[EventType "swiss"]
[EventRounds "9"]
[EventCountry "ISR"]
[SourceTitle "CBM 161 Extra"]
[Source "ChessBase"]
[SourceDate "2014.08.29"]
[SourceVersion "1"]
[SourceVersionDate "2014.08.29"]
[SourceQuality "1"]

1. d4 Nf6 2. c4 g6 3. Nc3 Bg7 4. e4 0-0 5. f4 d6 6. Nf3 c5 7. d5 e6 8. dxe6 fxe6 9. Bd3 Nc6 10. 0-0 Nd4 11. Qe1 Nh5 12. Ng5 h6 13. Nh3 e5 14. f5 gxf5 15. exf5 Bxf5 16. Bxf5 Rxf5 17. Rxf5 Nxf5 18. Qe4 Qd7 19. Bd2 Nf6 20. Qd3 Re8 21. Nf2 b5 22. Rf1 bxc4 23. Qxc4+ d5 24. Qxc5 e4 25. g4 Nh4 26. Be3 d4 27. Rd1 Nxg4 0-1